Normal view
MARC view
- Singh R.(Editor)
Entry Personal Name
001 - CONTROL NUMBER
- control field: 195985
003 - CONTROL NUMBER IDENTIFIER
- control field: OSt
005 - DATE AND TIME OF LATEST TRANSACTION
- control field: 20230714214821.0
008 - FIXED-LENGTH DATA ELEMENTS
- fixed length control field: 230714|| aca||aabn | a|a d
040 ## - CATALOGING SOURCE
- Original cataloging agency: OSt
- Transcribing agency: OSt
100 ## - HEADING--PERSONAL NAME
- Personal name: Singh R.(Editor)
670 ## - SOURCE DATA FOUND
- Source citation: Work cat.: (OSt)211507: Singh R.(Editor), Boundless As The Sky, 2013